CCNP and CCIE Data Center Core: (Record no. 204029)

MARC details
000 -LEADER
fixed length control field 00726nam a22002057a 4500
005 - DATE AND TIME OF LATEST TRANSACTION
control field 20240708161916.0
010 ## - LCCN (DPL NO)
LC control number ENG-140837
020 ## - INTERNATIONAL STANDARD BOOK NUMBER
International Standard Book Number 9789390325726
Terms of availability 1149.00
035 ## - SYSTEM CONTROL NUMBER
System control number EN-124369
037 ## - SOURCE OF ACQUISITION
Source of stock number/acquisition DBAD
082 ## - DEWEY DECIMAL CLASSIFICATION NUMBER
Edition number 1
Classification number 004.068
100 ## - MAIN ENTRY--PERSONAL NAME
Personal name Maloo, Somit
245 ## - TITLE STATEMENT
Title CCNP and CCIE Data Center Core:
Remainder of title DCCOR 350-601 Official Cert Guide/
Statement of responsibility, etc By Somit Maloo, [and] Firas Ahmad
250 ## - EDITION STATEMENT
Edition statement 1
260 ## - PUBLICATION, DISTRIBUTION, ETC. (IMPRINT)
Place of publication, distribution, etc Noida
Name of publisher, distributor, etc Pearson India Education
Date of publication, distribution, etc 2022
270 ## - ADDRESS
Address 15th floor, Tower- B, World Trade Tower, plot No.1, Block -C, Sector-16, Noida,
City Uttar Pradesh
Postal code 201301
300 ## - PHYSICAL DESCRIPTION
Extent xxxix,1013p.
Dimensions 23cm(pbk)
Other physical details Index
700 ## - ADDED ENTRY--PERSONAL NAME
Personal name Ahmad, Firas
Relator term Author
9 (RLIN) 68247
942 ## - ADDED ENTRY ELEMENTS (KOHA)
Source of classification or shelving scheme Dewey Decimal Classification
Item type English Books
Classification part 004.068
Call number suffix MAL
Edition 1
Holdings
Withdrawn status Lost status Not for loan Collection code Home library Current library Date acquired Source of acquisition Cost, normal purchase price Full call number Barcode Copy number Cost, replacement price Koha item type
      Non-fiction New Police Line New Police Line 08/07/2024 DBAD 1149.00 004.068 MAL EN-124369 1 1149.00 English Books

© Delhi Public Library
Hit Counter
free hit counter